| 000 | 01097cam a22003014a 4500 | ||
|---|---|---|---|
| 001 | 12842444 | ||
| 005 | 20160929113306.0 | ||
| 008 | 020703s2005 maua b 001 0 eng | ||
| 010 | _a 2002109430 | ||
| 020 | _a0618312773 | ||
| 035 | _a(DLC) 2002109430 | ||
| 040 |
_aDLC _cDLC _dDLC |
||
| 042 | _apcc | ||
| 050 | 0 | 0 |
_aHF5549 _b.D4364 2005 |
| 082 | 0 | 0 |
_aDC 658.3 _22005 _bD41h |
| 100 | 1 | _aDeNisi, Angelo S. | |
| 245 | 1 | 0 |
_aHuman resource management/ _cAngelo S. DeNisi and Ricky W. Griffin. |
| 250 | _a2nd edition | ||
| 260 |
_aBoston, MA: _bHoughton Mifflin, _cc2005. |
||
| 300 |
_axxx, 626 pages: _billustrations; _c26 cm. |
||
| 504 | _aIncludes bibliographical references and index. | ||
| 650 | 0 | _aPersonnel management. | |
| 700 |
_aGriffin, Ricky W. _915463 _eAuthor |
||
| 856 | 4 | 2 |
_3Contributor biographical information _uhttp://www.loc.gov/catdir/enhancements/fy1513/2002109430-b.html |
| 906 |
_a7 _bcbc _corignew _d2 _eepcn _f20 _gy-gencatlg |
||
| 942 |
_2ddc _cDC |
||
| 999 |
_c4907 _d4907 |
||